000 00914nam a2200253Ia 4500
003 OSt
005 20220923212218.0
006 a|||||r|||| 00| 0
007 ta
008 220922b |||||||| |||| 00| 0 hin d
024 _a151,703
037 _cTextual
040 _aARTS
_cARTS
_bhin
041 _2hin
_ahin
082 _aO152,1v, J8
100 _aदूबे, शाकुन्तला
_9156270
245 0 _aकाव्य रूपों के मूल सोत और उनका विकास
246 _aKāvya rūpoan ke mūl sot aur unakā vikāsa
260 _aवाराणसी
_b हिन्दी प्रचारक पुस्तकालय
_c1958
300 _a588 पृ.
_ccm.
650 _aहिन्दी साहित्य
_9156264
942 _hO152,1v, J8
_cTEXL
_2CC
999 _c307376
_d307376